AMERICAN CHRISTIANITY; (Record no. 6587)
[ view plain ]
| 000 -LEADER | |
|---|---|
| fixed length control field | 00458nam a22001697a 4500 |
| 005 - DATE AND TIME OF LATEST TRANSACTION | |
| control field | 20250619115920.0 |
| 007 - PHYSICAL DESCRIPTION FIXED FIELD--GENERAL INFORMATION | |
| fixed length control field | 080 |
| 008 - FIXED-LENGTH DATA ELEMENTS--GENERAL INFORMATION | |
| fixed length control field | 250619b |||||||| |||| 00| 0 eng d |
| 050 ## - LIBRARY OF CONGRESS CALL NUMBER | |
| Classification number | BR515 |
| Item number | .A53 AME |
| 245 ## - TITLE STATEMENT | |
| Title | AMERICAN CHRISTIANITY; |
| Remainder of title | A CASE APPROACH |
| 260 ## - PUBLICATION, DISTRIBUTION, ETC. | |
| Place of publication, distribution, etc. | MICHIGAN |
| Name of publisher, distributor, etc. | WILLIAM B. EERDMANS PUBLISHING COMPANY |
| Date of publication, distribution, etc. | c1986 |
| 300 ## - PHYSICAL DESCRIPTION | |
| Extent | xv, 188p |
| 700 ## - ADDED ENTRY--PERSONAL NAME | |
| Personal name | RONALD C. WHITE |
| 700 ## - ADDED ENTRY--PERSONAL NAME | |
| Personal name | LOUIS B. WEEKS |
| 700 ## - ADDED ENTRY--PERSONAL NAME | |
| Personal name | GARTH M. ROSELL |
| 942 ## - ADDED ENTRY ELEMENTS (KOHA) | |
| Source of classification or shelving scheme | Library of Congress Classification |
| Koha item type | Books |
| Suppress in OPAC | No |
| 999 ## - | |
| -- | 6587 |
| -- | 6587 |
| Withdrawn status | Lost status | Source of classification or shelving scheme | Damaged status | Not for loan | Collection | Home library | Current library | Shelving location | Date acquired | Total checkouts | Full call number | Barcode | Date last seen | Copy number | Price effective from | Koha item type |
|---|---|---|---|---|---|---|---|---|---|---|---|---|---|---|---|---|
| Library of Congress Classification | Non-fiction | Undergraduate Library (Christ Temple) | Undergraduate Library (Christ Temple) | General stacks | 06/19/2025 | BR515.A53 AME | ulct00003439 | 06/19/2025 | 1 | 06/19/2025 | Books |